Historia crítica de la arquitectura moderna

Uloženo v:
Podrobná bibliografie
Hlavní autor: Frampton, Kenneth (Autor)
Médium: Kniha
Jazyk:španělština
Vydáno: Barcelona Gustavo Gili 2007
Vydání:3a. ed
Témata:
Tagy: Přidat tag
Žádné tagy, Buďte první, kdo vytvoří štítek k tomuto záznamu!

MARC

LEADER 00000nam a2200000 a 4500
001 UCI8276
003 CL-VaPUC
008 080821e20070000SP |||||||||||||||||spa|d
020 |a 9788425216657 
082 0 4 |a 724  |b FRA  |2 21 
100 0 |a Frampton, Kenneth  |e author  |9 531806 
245 1 0 |a Historia crítica de la arquitectura moderna 
250 |a 3a. ed 
300 |a 402 p 
942 |c BK 
945 |d 20080821 00:00:00  |a jtorresc 
260 |a Barcelona  |b Gustavo Gili  |c 2007 
650 0 |a Arquitectura moderna  |9 265021 
650 0 |a Arquitectura  |9 804558 
650 0 |a Historia del arte  |9 314877 
650 0 |a Diseño arquitectónico   |9 265271 
650 0 |a Bellas artes  |9 334299 
650 7 |a TECNOLOGIA DE LA CONSTRUCCION  |2 CL-VaPUC  |9 260196 
583 |a last modification  |c 20080821 00:00:00  |k Rodrigo Vera 
999 |c 331270  |d 331268 
952 |0 0  |1 0  |4 0  |6 724_000000000000000_FRA_2007  |7 0  |8 A  |9 417566  |a BIBARQ  |b BIBARQ  |d 2019-11-22  |i 4473493  |l 3  |o 724 FRA 2007  |p 4473493  |q 2025-06-09  |r 2025-05-08  |s 2025-05-08  |w 2019-11-22  |y BK  |k ARQ